01335aas a2200205 4500001001000000003001000010005001700020008004100037022001400078040004100092041000800133100003500141242005800176245007100234300006100305520060800366546002200974650003300996773010001029768714001CO-MdFUSB20171107163054.0170728s1997 xxu||||| |||| 00| 0 eng d aCO-MdFUSB a0098-9444bspacCO-MdFUSBdCO-MdFUSB aeng1 aLehrer-Jacobson, Gustae28 cm. a¡Falso! Las muchas facetas del arte del falsificador 0aFake! The many facets of the forger's artc/ Gusta Lehrer-Jacobson aVolumen 23. Número 2 (1997), páginas 36-67c: 28 cm. aMientras las personas han estado elaborando hermosos y valiosos objetos, otros han estado ocupados creando falsificaciones de estos mismos objetos. Esta guía a través del nefasto pero altamente inventivo mundo de las falsificaciones resalta las muchas técnicas preferidas por los falsificadores, y las herramientas igualmente ingeniosas utilizadas para desenmascararlas. Una barra lateral explica cómo los falsificadores reducen involuntariamente el saqueo de sitios y advierte a quienes no están familiarizados con las formas en que los falsificadores se cuidan del mercado de antigüedades. aTexto en inglés 7aExcavaciones arqueológicas0 tBiblical Archaeology Review049395gVolumen 23. Número 2 (1997), páginas 36-67qPágina 36